Văn hoá đạo đức /

Shranjeno v:
Bibliografske podrobnosti
Glavni avtor: Hà Thúc Minh
Format: Knjiga
Jezik:Vietnamese
Izdano: TH.HCM 2005
Oznake: Označite
Brez oznak, prvi označite!
Thư viện lưu trữ: Mạng thư viện Đại học Đà Nẵng
LEADER 00601nam a2200265 4500
001 000028424
003 VHDD
005 20150403120000.0
008 150403s vm 000 vie
020 |c 0,0000 
040 |a notts 
100 |a Hà Thúc Minh 
245 |a Văn hoá đạo đức /  |c Hà Thúc Minh. 
260 |b TH.HCM  |c 2005 
OWN |a LTT 
999 |a From the UDN01 
TYP |a Monograph 
TYP |a Printed language 
980 |a Mạng thư viện Đại học Đà Nẵng